书目信息 |
| 题名: |
历代名人与梅
|
|
| 作者: | 王春亭, 著 | |
| 分册: | ||
| 出版信息: | 济南 齐鲁书社 2014 |
|
| 页数: | 274页 | |
| 开本: | 24cm | |
| 丛书名: | ||
| 单 册: | ||
| 中图分类: | S685.17 , S685 | |
| 科图分类: | ||
| 主题词: | 梅--文化--中国 | |
| 电子资源: | ||
| ISBN: | 978-7-5333-3270-9 | |
| 000 | 00932nam0 2200253 450 | |
| 001 | 2346135269 | |
| 005 | 20231212124909.87 | |
| 010 | @a978-7-5333-3270-9@dCNY88.00 | |
| 100 | @a20150130d2014 em y0chiy50 ea | |
| 101 | 0 | @achi |
| 102 | @aCN@b370000 | |
| 105 | @aak a 000yy | |
| 200 | 1 | @a历代名人与梅@Ali dai ming ren yu mei@f王春亭著 |
| 210 | @a济南@c齐鲁书社@d2014 | |
| 215 | @a274页@c彩图@d24cm | |
| 314 | @a男, 1954年生, 中学高级教师, 山东沂水雪山梅园园主, 中国花卉协会梅花蜡梅分会理事。2000年春, 在沂水雪山风景区辟地50余亩, 建造梅花专类园一雪山梅园。 | |
| 320 | @a有书目 (第269-272页) | |
| 330 | @a本书分别以“植梅”、“咏梅”、“画梅”以及“伴梅”等几大方面, 全面系统的梳理了历代名人与梅的亲密关系。行文间穿插大量精美图片。 | |
| 606 | 0 | @a梅@x文化@y中国 |
| 690 | @aS685.17@v5 | |
| 690 | @aS685@v4 | |
| 701 | 0 | @a王春亭,@Awang chun ting@f1954-@4著 |
| 801 | 0 | @aCN@b湖北三新@c20150130 |
| 905 | @aZUCC@dS685@e142 | |
| 历代名人与梅/王春亭著.-济南:齐鲁书社,2014 |
| 274页:彩图;24cm |
| ISBN 978-7-5333-3270-9:CNY88.00 |
| 本书分别以“植梅”、“咏梅”、“画梅”以及“伴梅”等几大方面, 全面系统的梳理了历代名人与梅的亲密关系。行文间穿插大量精美图片。 |
| ● |
| 相关链接 |
|
|
|
正题名:历代名人与梅
索取号:S685/142
 
预约/预借
| 序号 | 登录号 | 条形码 | 馆藏地/架位号 | 状态 | 备注 |
| 1 | 2001451547 | 2001451547 | 516书库/ [索取号:S685/142] | 在馆 | |
| 2 | 2001451548 | 2001451548 | 516书库/ [索取号:S685/142] | 在馆 | |
| 3 | 2001451549 | 2001451549 | 516书库/ [索取号:S685/142] | 在馆 | |
| 4 | 2001451550 | 2001451550 | 516书库/ [索取号:S685/142] | 在馆 | |
| 5 | 2001451551 | 2001451551 | 516书库/ [索取号:S685/142] | 在馆 | |
| 6 | 2001451552 | 2001451552 | 516书库/ [索取号:S685/142] | 在馆 | |
| 7 | 2001451553 | 2001451553 | 516书库/ [索取号:S685/142] | 在馆 | |
| 8 | 2001451554 | 2001451554 | 516书库/ [索取号:S685/142] | 在馆 | |
| 9 | 2001451555 | 2001451555 | 516书库/ [索取号:S685/142] | 在馆 | |
| 10 | 2001451556 | 2001451556 | 516书库/ [索取号:S685/142] | 在馆 | |
| 11 | 2001451557 | 2001451557 | 516书库/ [索取号:S685/142] | 在馆 | |
| 12 | 2001451558 | 2001451558 | 516书库/ [索取号:S685/142] | 在馆 | |
| 13 | 2001451559 | 2001451559 | 516书库/ [索取号:S685/142] | 在馆 | |
| 14 | 2001451560 | 2001451560 | 516书库/ [索取号:S685/142] | 在馆 | |
| 15 | 2001451561 | 2001451561 | 516书库/ [索取号:S685/142] | 在馆 | |
| 16 | 2001451562 | 2001451562 | 516书库/ [索取号:S685/142] | 在馆 | |
| 17 | 2001451563 | 2001451563 | 516书库/ [索取号:S685/142] | 在馆 | |
| 18 | 2001451564 | 2001451564 | 516书库/ [索取号:S685/142] | 在馆 | |
| 19 | 2001451565 | 2001451565 | 516书库/ [索取号:S685/142] | 在馆 | |
| 20 | 2001451566 | 2001451566 | 516书库/ [索取号:S685/142] | 在馆 | |
| 21 | 2001451567 | 2001451567 | 516书库/ [索取号:S685/142] | 在馆 | |
| 22 | 2001451568 | 2001451568 | 516书库/ [索取号:S685/142] | 在馆 | |
| 23 | 2001451569 | 2001451569 | 516书库/ [索取号:S685/142] | 在馆 | |
| 24 | 2001451570 | 2001451570 | 516书库/ [索取号:S685/142] | 在馆 | |
| 25 | 2001451571 | 2001451571 | 516书库/ [索取号:S685/142] | 在馆 | |
| 26 | 2001451572 | 2001451572 | 516书库/ [索取号:S685/142] | 在馆 | |
| 27 | 2001451573 | 2001451573 | 516书库/ [索取号:S685/142] | 在馆 | |
| 28 | 2001451574 | 2001451574 | 516书库/ [索取号:S685/142] | 在馆 | |
| 29 | 2001451575 | 2001451575 | 516书库/ [索取号:S685/142] | 在馆 | |
| 30 | 2001451576 | 2001451576 | 516书库/ [索取号:S685/142] | 在馆 |